Global Commercial Property Monitor (Record no. 121642)

MARC details
000 -LEADER
fixed length control field 01181nam a22001937a 4500
008 - FIXED-LENGTH DATA ELEMENTS--GENERAL INFORMATION
fixed length control field 230811s2023 xxk|||||o|||| 00| 0 eng d
041 ## - LANGUAGE CODE
Language code of text/sound track or separate title eng
110 ## - MAIN ENTRY--CORPORATE NAME
Corporate author Royal Institution of Chartered Surveyors
245 ## - TITLE STATEMENT
Title Global Commercial Property Monitor
Subtitle Q1 2023
Medium [Electronic resource]
260 ## - PUBLICATION INFORMATION
Place of publication London,
Publisher Royal Institution of Chartered Surveyors,
Date May 2023
490 ## - SERIES TITLE
Series statement RICS Global Commercial Property Monitor
Volume Q1 2023
520 ## - ABSTRACT
Abstract Contrasting fortunes in real estate with much of APAC and MEA recording more positive trends. <br/>• Commercial Property Sentiment Index turns slightly less negative at a global level<br/>• Regional trends are varied however, with MEA continuing to perform relatively strongly<br/>• China shows significant rebound in key sentiment metrics<br/>• Deteriorating credit conditions remain a drag on investor enquiries in more mature markets
650 ## - KEYWORDS
Keywords COMMERCIAL PROPERTY
651 ## - SUBJECT ADDED ENTRY--GEOGRAPHIC NAME
Geographic name International
690 ## - BROAD SUBJECT
9 (RLIN) 6227
Broad subject Commercial property
710 ## - ADDED CORPORATE NAME
Added corporate author Royal Institution of Chartered Surveyors
856 ## - ONLINE RESOURCE
Uniform Resource Identifier <a href="https://www.rics.org/profession-standards/knowledge-and-information-services">https://www.rics.org/profession-standards/knowledge-and-information-services</a>
Public note Archived - please email [email protected]
942 ## - ADDED ENTRY ELEMENTS (KOHA)
Suppress in OPAC Do not suppress in OPAC
Holdings
Lost status Damaged status Not for loan Current library Shelving location Date acquired Total Checkouts Full call number Date last seen Price effective from Koha item type
      Virtual Online 11/08/2023   ONLINE PUBLICATION 11/08/2023 11/08/2023 Online material